Ιστορία του ελληνικού κινηματογράφου

Αποθηκεύτηκε σε:
Λεπτομέρειες βιβλιογραφικής εγγραφής
Κύριος συγγραφέας: Σολδάτος, Γιάννης, 1952-
Μορφή: Βιβλίο
Γλώσσα:Greek
Δημοσίευση: Αθήνα : Αιγόκερως, 1995-2002.
Έκδοση:10η εκδ.
Σειρά:Κινηματογράφος (Αιγόκερως)
Θέματα:
Ετικέτες: Προσθήκη ετικέτας
Δεν υπάρχουν, Καταχωρήστε ετικέτα πρώτοι!

MARC

LEADER 00000cam a2200000 i 4500
001 1/49280
008 070726m19952002gr | ||| |||| ||gre||
020 |a 9603221171   |q (σετ) 
020 |a 9603221236   |q (τ.1) 
020 |a 9603221244   |q (τ.2) 
020 |a 9603221376   |q (τ.3) 
020 |a 9603222275   |q (τ.4) 
020 |a 9603222283   |q (τ.5) 
035 |l 10089144 
040 |a GR-MY-UA  |b gre  |e aacr 
041 0 |a gre 
082 7 |a 791.4309495   |2 (22) 
100 1 |a Σολδάτος, Γιάννης,   |d 1952- 
245 1 0 |a Ιστορία του ελληνικού κινηματογράφου /   |c Γιάννης Σολδάτος.  
250 |a 10η εκδ.  
260 |a Αθήνα :   |b Αιγόκερως,   |c 1995-2002.  
300 |a 5τ. :   |b εικ. ;   |c 24 εκ.  
490 1 |a (Κινηματογράφος / Αιγόκερως)  
505 0 |a Τ.1. (1900-1967) -- τ.2. (1967-1990) -- τ.3. (1990-2002) -- τ.4. Ντοκουμέντα (1900-1970) -- τ.5. Ντοκουμέντα (1970-2000)  
650 0 0 |a Motion pictures. 
650 0 0 |a Motion pictures  |z Greece  |x History. 
740 0 |a 1900-1967 
740 0 |a 1967-1990 
740 0 |a 1990-2002 
740 0 |a Ντοκουμέντα (1900-1970) 
740 0 |a Ντοκουμέντα (1970-2000) 
830 0 |a Κινηματογράφος (Αιγόκερως) 
852 |a INST  |b LESVOS  |e 20070726  |h 791.4309495 ΣΟΛ  |p 005100041266  |q 005100041266  |t BK  |y 0  |z τ.1 
852 |a INST  |b LESVOS  |e 20070726  |h 791.4309495 ΣΟΛ  |p 005100041267  |q 005100041267  |t BK  |y 0  |z τ.2 
852 |a INST  |b LESVOS  |e 20070726  |h 791.4309495 ΣΟΛ  |p 005100041268  |q 005100041268  |t BK  |y 0  |z τ.3 
852 |a INST  |b LESVOS  |e 20070726  |h 791.4309495 ΣΟΛ  |p 005100041269  |q 005100041269  |t BK  |y 0  |z τ.4 
852 |a INST  |b LESVOS  |e 20070726  |h 791.4309495 ΣΟΛ  |p 005100041270  |q 005100041270  |t BK  |y 4  |x 20161208  |z τ.5 
852 |a INST  |b LESVOS  |e 20070726  |h 791.4309495 ΣΟΛ  |p 005100041266  |q 005100041266  |t BK  |v τ.1:  |y 0  |z τ.1 
852 |a INST  |b LESVOS  |e 20070726  |h 791.4309495 ΣΟΛ  |p 005100041267  |q 005100041267  |t BK  |v τ.2:  |y 0  |z τ.2 
852 |a INST  |b LESVOS  |e 20070726  |h 791.4309495 ΣΟΛ  |p 005100041268  |q 005100041268  |t BK  |v τ.3:  |y 0  |z τ.3 
852 |a INST  |b LESVOS  |e 20070726  |h 791.4309495 ΣΟΛ  |p 005100041269  |q 005100041269  |t BK  |v τ.4:  |y 0  |z τ.4 
852 |a INST  |b LESVOS  |e 20070726  |h 791.4309495 ΣΟΛ  |p 005100041270  |q 005100041270  |t BK  |v τ.5:  |y 4  |x 20161208  |z τ.5 
852 |a INST  |b LESVOS  |e 20170530  |h 791.4309495 ΣΟΛ  |p 005100059313  |q 005100059313  |t BK  |v τ.2:  |y 0 
852 |a INST  |b LESVOS  |e 20170530  |h 791.4309495 ΣΟΛ  |p 005100059314  |q 005100059314  |t BK  |v τ.1:  |y 0 
852 |a INST  |b LESVOS  |e 20180608  |h 791.4309495 ΣΟΛ  |p 005100060420  |q 005100060420  |t BK  |v τ.1:  |y 0 
852 |a INST  |b LESVOS  |e 20180608  |h 791.4309495 ΣΟΛ  |p 005100060432  |q 005100060432  |t BK  |v τ.3:  |y 0 
853 |a INST  |b LESVOS  |h 791.4309495 ΣΟΛ 
901 |a BIBL1-2007-2 
909 |a Λ  |b 136587 
909 |a Λ  |b 136588 
909 |a Λ  |b 136589 
909 |a Λ  |b 136590 
909 |a Λ  |b 136591 
920 |a Χαραλαμπίδης  |b Βασίλης  |y Λέσβος  |z 2015-05 
922 |a 1ΕΛΗ  |b 200707  |c ΕΠΕΑΕΚ2/ΠΤΕ  |d Σ. ΠΑΤΑΚΗΣ 
970 |a ΚΑΡΑ  |b ΓΙΑΣΕΜΗ  |z 2007/07/26